000 00484nam a22001817a 4500
999 _c3410
_d3367
008 190524b ||||| |||| 00| j eng d
020 _a9789750816215
041 _atur
050 _a PL248.T87
100 _9112
_aTuran, Güven
245 _aZemberek
250 _a1.Baskı
260 _aİstanbul:
_bYapı Kredi Yayınları,
_cMayıs 2009
300 _a92 Sayfa
500 _aYapı Kredi Yayınları - 2916 Edebiyat - 875
650 0 _9145
_aTürk Edebiyatı
942 _2lcc
_cBK